Le Méxique au début du XXe. siècle / (Record no. 185670)

MARC details
000 -LEADER
campo de control de longitud fija 00707nam a2200193 i 4500
001 - NÚMERO DE CONTROL
campo de control 185670
003 - IDENTIFICADOR DE NÚMERO DE CONTROL
campo de control ES-MaACL
005 - FECHA Y HORA DE LA ÚLTIMA TRANSACCIÓN
campo de control 20250905164759.0
008 - DATOS DE LONGITUD FIJA--INFORMACIÓN GENERAL
campo de control de longitud fija 160802q1905 fr |||| | fre d
245 03 - MENCIÓN DEL TÍTULO
Título Le Méxique au début du XXe. siècle /
Mención de responsabilidad, etc. par Mm. le Prince Roland Bonaparte, Léon Bourgeois, Jules Claretie...
260 ## - PUBLICACIÓN, DISTRIBUCIÓN, ETC.
Lugar de publicación, distribución, etc. Paris :
Nombre del editor, distribuidor, etc. Ch. Delagrave,
Fecha de publicación, distribución, etc. [1905?] (
Fabricante F. Schmidt Fils)
300 ## - DESCRIPCIÓN FÍSICA
Extensión 2 v., 3 lám. y 5 map. col. :
Otras características físicas il. ;
Dimensiones 31 cm.
651 #4 - PUNTO DE ACCESO ADICIONAL DE MATERIA--NOMBRE GEOGRÁFICO
Nombre geográfico México-
Subdivisión general Historia.
9 (RLIN) 9062
700 1# - ENTRADA AGREGADA--NOMBRE PERSONAL
Nombre de persona Bonaparte, Roland,
Fechas asociadas al nombre 1858-1924
9 (RLIN) 160288
700 0# - ENTRADA AGREGADA--NOMBRE PERSONAL
Nombre de persona Bourgeois, Léon.
9 (RLIN) 30985
700 1# - ENTRADA AGREGADA--NOMBRE PERSONAL
Nombre de persona Claretie, Jules,
Fechas asociadas al nombre 1840-1913
9 (RLIN) 160289
852 ## - LOCALIZACIÓN
Ubicación ES-MaACL
Número de control de estantería G-6341-42
Holdings
Estatus retirado Estado de pérdida Estado de daño No para préstamo Biblioteca de origen Biblioteca actual Ubicación en estantería Fecha de adquisición Fuente de adquisición Total de préstamos Signatura topográfica completa Código de barras Visto por última vez Precio de reemplazo Tipo de ítem Koha
        Biblioteca del Ateneo de Madrid Biblioteca del Ateneo de Madrid Depósito 2 02/08/2016     G-6341-42 1195720 23/02/2023 23/02/2023 Libro impreso